00713 a2200205 450000500170000001000130001702000260003003500130005603700090006908200060007810000260008424500760011026000360018627000230022230000220024570000430026794200250031099900190033595201530035420240521115710.0 aB-759131 a9789354716263c395.00 aB-759131 bGift aS aCawthon, Scott966576 aFive Nights at Freddy's/cScott Cawthon,Kelly Parra and Andrea Waggener aNew YorkbScholastic Inc.c2023 aNew YorkbNew York a232 p.c21 cm(Pb) aParra Kelly and Andrea Waggener966577 adplcCH2ddchSmCAW c203069d203069 001040708FICaZLSbZLSd2024-05-21eGift/20.5.24g395.00l2m2oS CAWpB-759131r2026-05-07 12:10:25s2026-04-25t1v395.00w2024-05-21yCHzGift